[Event "VIII Open A"]
[Site "Genova ITA"]
[Date "2004.08.12"]
[Round "4"]
[White "Ljubisavljevic, Zivojin Z."]
[Black "Guanciale, Orazio"]
[Result "1-0"]
[WhiteElo "2280"]
[BlackElo "2110"]
[PlyCount "85"]
[EventDate "2004.08.09"]

1. d4 f5 2. g4 fxg4 3. h3 g3 4. fxg3 Nf6 5. Bg2 d5 6. Bf4 e6 7. Nd2 Bd6 8. e3
O-O 9. c4 Nc6 10. c5 e5 11. cxd6 exf4 12. gxf4 Bf5 13. Ngf3 Nb4 14. Kf2 Qe8 15.
Ne1 cxd6 16. Qb3 Qb5 17. a3 Ne4+ 18. Bxe4 Bxe4 19. Rg1 Nd3+ 20. Nxd3 Qxd3 21.
Qxd3 Bxd3 22. Nb1 Bxb1 23. Raxb1 Rac8 24. Rbc1 Kf7 25. Ke2 Kf6 26. Kd2 Rxc1 27.
Rxc1 Rf7 28. Rc8 Rd7 29. Ke2 Kg6 30. Kf3 Kh5 31. Rf8 Kg6 32. Kg4 h5+ 33. Kf3 b6
34. h4 Rc7 35. f5+ Kh7 36. Rd8 Rf7 37. e4 Rf6 38. Rd7 a5 39. Kf4 dxe4 40. Kxe4
Kg8 41. Kf4 Kf8 42. Kg5 Rh6 43. d5 1-0

[Event "VIII Open A"]
[Site "Genova ITA"]
[Date "2004.08.12"]
[Round "4"]
[White "Mateo, Ramon"]
[Black "Di Paolo, Raffaele"]
[Result "1-0"]
[WhiteElo "2425"]
[BlackElo "2321"]
[PlyCount "40"]
[EventDate "2004.08.09"]

1. e4 c5 2. Nf3 Nc6 3. d4 cxd4 4. Nxd4 Nf6 5. Nc3 d6 6. Bg5 Qa5 7. Bxf6 gxf6 8.
Nb3 Qd8 9. Qh5 e6 10. O-O-O a6 11. f4 Qb6 12. Kb1 Qe3 13. g3 Bd7 14. Bh3 Be7
15. Rhe1 Qb6 16. Rd2 Rf8 17. Nd5 exd5 18. exd5 Na7 19. Nd4 Bxh3 20. Qxh3 Rd8
1-0

[Event "VIII Open A"]
[Site "Genova ITA"]
[Date "2004.08.12"]
[Round "4"]
[White "Paragua, Mark"]
[Black "Ferretti, Folco"]
[Result "1-0"]
[WhiteElo "2529"]
[BlackElo "2287"]
[PlyCount "63"]
[EventDate "2004.08.09"]

1. e4 e5 2. Nf3 Nc6 3. Bc4 Nf6 4. Ng5 d5 5. exd5 Nd4 6. c3 b5 7. Bf1 Nxd5 8.
Ne4 Ne6 9. Bxb5+ Bd7 10. Bxd7+ Qxd7 11. O-O f5 12. Ng3 g6 13. d4 exd4 14. Re1
Bg7 15. c4 Nf6 16. Nd2 O-O 17. Nf3 Rad8 18. b3 Ne4 19. Nxe4 fxe4 20. Rxe4 Nc5
21. Re1 d3 22. Rb1 Qf5 23. Bg5 Rd7 24. h3 Bc3 25. Bd2 Bxd2 26. Re5 Bb4 27. Rxf5
Rxf5 28. a3 Bxa3 29. b4 Ne4 30. Qa4 c6 31. Qxa3 d2 32. Rd1 1-0

[Event "VIII Open A"]
[Site "Genova ITA"]
[Date "2004.08.12"]
[Round "4"]
[White "Sanchez, Joseph"]
[Black "Lanzani, Mario"]
[Result "1/2-1/2"]
[WhiteElo "2453"]
[BlackElo "2365"]
[PlyCount "85"]
[EventDate "2004.08.09"]

1. e4 e5 2. Nf3 Nf6 3. Nc3 Nc6 4. d4 exd4 5. Nxd4 Bb4 6. Nxc6 bxc6 7. Bd3 O-O
8. O-O d5 9. exd5 cxd5 10. Bg5 c6 11. Na4 Bd6 12. c4 h6 13. Bh4 Re8 14. Rc1 Bg4
15. Qc2 Be6 16. Bg3 Bxg3 17. hxg3 dxc4 18. Bxc4 Bxc4 19. Qxc4 Qd5 20. Rfd1 Qxc4
21. Rxc4 Re2 22. Rcd4 Rae8 23. Kf1 Nd5 24. R4d2 R2e4 25. Nc5 Rc4 26. Nb7 Ra4
27. a3 Rb8 28. Nc5 Rc4 29. Nd3 Rb3 30. Ne5 Rc5 31. Nd3 Rc4 32. Ne5 Rc5 33. Re1
Ne3+ 34. Rxe3 Rxe3 35. fxe3 Rxe5 36. Ke2 Rg5 37. Rd8+ Kh7 38. Rd7 Rxg3 39. Kf2
Rg5 40. Rxa7 Rf5+ 41. Ke2 Rg5 42. Kf3 Rf5+ 43. Ke2 1/2-1/2

[Event "VIII Open A"]
[Site "Genova ITA"]
[Date "2004.08.12"]
[Round "4"]
[White "Tirrito, Luca"]
[Black "Genocchio, Daniele"]
[Result "0-1"]
[WhiteElo "2043"]
[BlackElo "2353"]
[PlyCount "79"]
[EventDate "2004.08.09"]

1. e4 c5 2. Na3 b6 3. f4 Bb7 4. d3 g6 5. c3 Bg7 6. Nf3 d6 7. Be2 Nd7 8. c4 a6
9. Rb1 e6 10. O-O Ne7 11. Bd2 O-O 12. Nc2 b5 13. b3 Nb8 14. Ne3 Nbc6 15. g4 f5
16. gxf5 gxf5 17. Nc2 Ng6 18. Ng5 Nd4 19. Nxd4 Bxd4+ 20. Kh1 fxe4 21. dxe4 Qxg5
22. fxg5 Bxe4+ 23. Bf3 Rxf3 24. Qxf3 Bxf3+ 25. Rxf3 bxc4 26. bxc4 Ne5 27. Rh3
Nxc4 28. Bc3 Rf8 29. Bxd4 cxd4 30. Rh6 e5 31. Rb7 Rf7 32. Rb3 e4 33. Re6 d5 34.
Rb8+ Kg7 35. h4 Rd7 36. h5 d3 37. h6+ Kf7 38. Rf6+ Ke7 39. Rb1 d2 40. Rd1 0-1

[Event "VIII Open A"]
[Site "Genova ITA"]
[Date "2004.08.12"]
[Round "4"]
[White "Wisnewski, Christoph"]
[Black "Maiorov, Nikita"]
[Result "0-1"]
[WhiteElo "2410"]
[BlackElo "2414"]
[PlyCount "153"]
[EventDate "2004.08.09"]

1. d4 Nf6 2. Nc3 d5 3. Bg5 Nbd7 4. e3 e6 5. Qf3 c5 6. O-O-O h6 7. Bf4 a6 8. g4
g5 9. Be5 cxd4 10. exd4 Nxe5 11. dxe5 Nd7 12. Qe3 b5 13. Nce2 Qc7 14. Nf3 Bg7
15. h4 Nxe5 16. Nxe5 Qxe5 17. Qa3 Bd7 18. Rh3 Bf8 19. Qf3 Bc5 20. Kb1 Ke7 21.
Nc1 Qf6 22. Qb3 gxh4 23. Bg2 Rac8 24. Nd3 Bd6 25. Re1 Kf8 26. f4 Qd4 27. c3 Qa4
28. Bxd5 Qxb3 29. Bxb3 Be7 30. Ne5 Be8 31. f5 exf5 32. gxf5 Bf6 33. Nf3 Bd7 34.
Nxh4 Bxh4 35. Rxh4 Bxf5+ 36. Kc1 Bg6 37. a4 Rc5 38. Rf1 Kg7 39. Rhf4 f5 40. Rd4
Rc6 41. Rd7+ Kf6 42. Bd5 Rc5 43. Ba2 Bh5 44. Kd2 Re8 45. Rh1 Re2+ 46. Kd3 Bg4
47. Rxh6+ Kg5 48. Rxa6 Rxb2 49. axb5 Rcxb5 50. Rg7+ Kf4 51. Ra4+ Kf3 52. Bc4
Re5 53. Kd4 Re4+ 54. Kc5 Ke3 55. Ra3 Kf2 56. Bd5 Re3 57. Rga7 f4 58. c4 f3 59.
Ra2 Rxa2 60. Rxa2+ Kg3 61. Bxf3 Bxf3 62. Ra7 Re4 63. Rd7 Re8 64. Kd6 Ra8 65. c5
Ra6+ 66. Ke5 Rc6 67. Rg7+ Kf2 68. Kd4 Rf6 69. Kc4 Ke3 70. Re7+ Be4 71. Rd7 Rf1
72. Rd6 Rc1+ 73. Kb5 Rb1+ 74. Ka6 Kf4 75. Rb6 Ra1+ 76. Kb5 Ke5 77. Rd6 0-1

[Event "VIII Open A"]
[Site "Genova ITA"]
[Date "2004.08.13"]
[Round "5"]
[White "Bancod, Ronald"]
[Black "Mateo, Ramon"]
[Result "1/2-1/2"]
[WhiteElo "2354"]
[BlackElo "2425"]
[PlyCount "132"]
[EventDate "2004.08.09"]

1. Nf3 c5 2. g3 Nc6 3. Bg2 d5 4. O-O Bg4 5. d3 Nf6 6. Nbd2 e6 7. h3 Bh5 8. c4
Be7 9. a3 O-O 10. g4 Bg6 11. Nh4 Ne8 12. Nxg6 hxg6 13. f4 Nc7 14. Kh1 Qd7 15.
b3 Bf6 16. Rb1 b5 17. Nf3 Rfd8 18. Be3 d4 19. Bd2 Rab8 20. Qc2 Be7 21. Rfc1 Bd6
22. b4 bxc4 23. dxc4 cxb4 24. c5 Be7 25. axb4 a6 26. Qd3 Rb5 27. Ra1 Nd5 28.
Ne5 Nxe5 29. fxe5 Nxb4 30. Bxb4 Rxb4 31. Qxa6 Bg5 32. c6 Qc7 33. Rc5 Bf4 34.
Qa5 Qxa5 35. Rcxa5 Rc4 36. Be4 Rc3 37. Kg2 Rb8 38. Ra8 Rxa8 39. Rxa8+ Kh7 40.
Rf8 Bxe5 41. Rxf7 Bf6 42. Rf8 Kh6 43. Re8 Kg5 44. Rxe6 Kf4 45. Bd3 Rc5 46. Bxg6
Re5 47. Bf5 Rxe6 48. Bxe6 Bd8 49. h4 Bc7 50. g5 Bd8 51. Bc4 Kg4 52. g6 Kxh4 53.
Kf3 Kg5 54. Ke4 Kxg6 55. Ke5 Kg5 56. Kxd4 Kf6 57. Kd5 Bc7 58. Ba6 g6 59. Bc8 g5
60. Bg4 Bb8 61. e4 Bc7 62. Bf3 Bb8 63. Kc5 Bc7 64. Kb5 Ke5 65. Ka6 Kd6 66. Kb7
Ba5 1/2-1/2

[Event "VIII Open A"]
[Site "Genova ITA"]
[Date "2004.08.13"]
[Round "5"]
[White "Djuric, Stefan"]
[Black "Ljubisavljevic, Zivojin Z."]
[Result "1-0"]
[WhiteElo "2511"]
[BlackElo "2280"]
[PlyCount "55"]
[EventDate "2004.08.09"]

1. c4 Nf6 2. d4 g6 3. Nc3 Bg7 4. e4 d6 5. Nf3 O-O 6. Be2 Bg4 7. Be3 Bxf3 8.
Bxf3 e5 9. d5 c5 10. h4 h5 11. Bg5 Nbd7 12. g4 hxg4 13. Bxg4 Qb6 14. Bxd7 Nxd7
15. Qe2 f6 16. Bd2 Rf7 17. O-O-O Nf8 18. Rdg1 a6 19. h5 g5 20. h6 Bh8 21. Bxg5
fxg5 22. Rxg5+ Kh7 23. Qh5 Rxf2 24. Rg7+ Bxg7 25. hxg7+ Kxg7 26. Rg1+ Ng6 27.
Qxg6+ Kf8 28. Qg8+ 1-0

[Event "VIII Open A"]
[Site "Genova ITA"]
[Date "2004.08.13"]
[Round "5"]
[White "Ferretti, Folco"]
[Black "Gromovs, Sergejs"]
[Result "0-1"]
[WhiteElo "2287"]
[BlackElo "2341"]
[PlyCount "102"]
[EventDate "2004.08.09"]

1. e4 c5 2. Nc3 Nc6 3. g3 g6 4. Bg2 Bg7 5. d3 e6 6. Be3 Nd4 7. Nce2 d6 8. c3
Nxe2 9. Nxe2 Ne7 10. O-O O-O 11. Qd2 Rb8 12. d4 b6 13. Rad1 Ba6 14. Rfe1 e5 15.
f4 exd4 16. cxd4 Re8 17. Nc3 Nc6 18. dxc5 dxc5 19. e5 Nb4 20. Ne4 Nd3 21. Qc3
c4 22. Rf1 Qe7 23. Bd4 b5 24. a3 Bb7 25. Nf2 Bxg2 26. Kxg2 Qb7+ 27. Kg1 Red8
28. Be3 Nxf2 29. Bxf2 a6 30. Rd4 Rd7 31. Rfd1 Rbd8 32. a4 Bf8 33. axb5 axb5 34.
Rxd7 Rxd7 35. Rd4 Qc6 36. Rxd7 Qxd7 37. Qd4 Qc6 38. Qd8 b4 39. Qd2 c3 40. bxc3
Qxc3 41. Qd5 Qc8 42. Kg2 h5 43. h3 Qf5 44. Qb3 Qe4+ 45. Kg1 Qc6 46. Be1 Bc5+
47. Bf2 Bf8 48. Be1 Qd7 49. Kg2 Bc5 50. Qf3 Qd4 51. Qa8+ Kg7 0-1

[Event "VIII Open A"]
[Site "Genova ITA"]
[Date "2004.08.13"]
[Round "5"]
[White "Godena, Michele"]
[Black "Guido, Flavio"]
[Result "0-1"]
[WhiteElo "2545"]
[BlackElo "2338"]
[PlyCount "88"]
[EventDate "2004.08.09"]

1. e4 c5 2. Nf3 e6 3. c3 Ne7 4. d4 cxd4 5. cxd4 d5 6. e5 Nbc6 7. Nc3 Nf5 8. Be3
Be7 9. Bd3 Nxe3 10. fxe3 f6 11. exf6 Bxf6 12. O-O O-O 13. Rf2 Bd7 14. Qe2 Nb4
15. Bb1 Rc8 16. a3 Qa5 17. Qd1 Nc6 18. Bd3 g6 19. Qc2 Ne7 20. Raf1 Nf5 21. Qd2
Bg7 22. g4 Nd6 23. Ne4 Qxd2 24. Nexd2 Bb5 25. Bxb5 Nxb5 26. Nb3 b6 27. Kg2 Nd6
28. Ng5 Nc4 29. Re2 Rxf1 30. Kxf1 Bh6 31. h4 Bxg5 32. hxg5 Nd6 33. Nd2 Rc1+ 34.
Kf2 Rc2 35. b3 b5 36. Ke1 Rc1+ 37. Kf2 Ra1 38. Nf3 Ne4+ 39. Kg2 Rxa3 40. Rc2
Rxb3 41. Rc8+ Kf7 42. Rc7+ Ke8 43. Rxa7 Rxe3 44. Rxh7 Rxf3 0-1

[Event "VIII Open A"]
[Site "Genova ITA"]
[Date "2004.08.13"]
[Round "5"]
[White "Griffa, Roberto"]
[Black "Nolte, Rolando"]
[Result "0-1"]
[WhiteElo "2107"]
[BlackElo "2389"]
[PlyCount "76"]
[EventDate "2004.08.09"]

1. d4 Nf6 2. Nf3 e6 3. Bg5 d5 4. Nbd2 Be7 5. e3 h6 6. Bf4 Nbd7 7. Ne5 c5 8. c3
Qb6 9. Rb1 cxd4 10. exd4 Nxe5 11. dxe5 Nd7 12. Qg4 g5 13. Be3 Nxe5 14. Qh5 Bc5
15. Bxg5 Bxf2+ 16. Kd1 Ng4 17. Be2 Rg8 18. Bxh6 Nxh6 19. Qxh6 Be3 20. Qh7 Rf8
21. Rf1 Bd7 22. Rxf7 Rxf7 23. Bh5 O-O-O 24. Qxf7 Qd6 25. Qf3 Bh6 26. Qf6 Bxd2
27. Kxd2 Rf8 28. Qh4 Rf4 29. Qg3 d4 30. c4 Qb4+ 31. Kd3 e5 32. Qg8+ Rf8 33. Qg7
Bf5+ 34. Ke2 Bxb1 35. Bg4+ Kb8 36. Qxe5+ Ka8 37. Qd5 Bc2 38. Be6 Qe7 0-1

[Event "VIII Open A"]
[Site "Genova ITA"]
[Date "2004.08.13"]
[Round "5"]
[White "Kluss, Kai"]
[Black "Sanchez, Joseph"]
[Result "0-1"]
[WhiteElo "2197"]
[BlackElo "2453"]
[PlyCount "82"]
[EventDate "2004.08.09"]

1. d4 d5 2. c4 c6 3. Nf3 Nf6 4. Nc3 dxc4 5. e4 b5 6. e5 Nd5 7. a4 e6 8. axb5
Nxc3 9. bxc3 cxb5 10. Ng5 Qd7 11. Qh5 h6 12. Be2 Bb7 13. O-O Rg8 14. Nh3 g6 15.
Qg4 Nc6 16. Nf4 Ne7 17. Ba3 h5 18. Qg5 Rh8 19. Rfb1 Bc6 20. Bxe7 Bxe7 21. Qg3
Kf8 22. d5 exd5 23. e6 Qd6 24. exf7 g5 25. Nxh5 Qxg3 26. Nxg3 a5 27. Nf5 b4 28.
cxb4 axb4 29. Rxa8+ Bxa8 30. Nxe7 Kxe7 31. Rxb4 Rc8 32. f3 Kxf7 33. Ra4 Kf6 34.
Kf2 Ke5 35. Ke3 d4+ 36. Kd2 Bd5 37. Ra5 Kd6 38. g3 Rb8 39. Kc2 Rb3 40. Bd1 Bxf3
41. Rxg5 Be4+ 0-1

[Event "VIII Open A"]
[Site "Genova ITA"]
[Date "2004.08.13"]
[Round "5"]
[White "Lanzani, Mario"]
[Black "De Andres Gonalons, Fernando"]
[Result "1-0"]
[WhiteElo "2365"]
[BlackElo "2087"]
[PlyCount "35"]
[EventDate "2004.08.09"]

1. c4 e6 2. d4 d5 3. Nf3 dxc4 4. e4 c5 5. Bxc4 cxd4 6. Nxd4 Bd7 7. O-O Qc7 8.
Qe2 a6 9. Nc3 Nc6 10. Nxc6 Bxc6 11. Nd5 Bxd5 12. exd5 e5 13. f4 Bc5+ 14. Kh1 f6
15. fxe5 fxe5 16. d6 Bxd6 17. Bf7+ Ke7 18. Qg4 1-0

[Event "VIII Open A"]
[Site "Genova ITA"]
[Date "2004.08.13"]
[Round "5"]
[White "Maiorov, Nikita"]
[Black "Dervishi, Erald"]
[Result "1/2-1/2"]
[WhiteElo "2414"]
[BlackElo "2486"]
[PlyCount "113"]
[EventDate "2004.08.09"]

1. d4 Nf6 2. c4 e6 3. Nc3 d5 4. Nf3 Be7 5. Bf4 O-O 6. e3 c5 7. dxc5 Bxc5 8.
cxd5 Nxd5 9. Nxd5 exd5 10. a3 Nc6 11. Bd3 Be7 12. O-O Bf6 13. Rc1 Be6 14. Qd2
a6 15. b4 Qe7 16. Rfe1 Rfd8 17. Rc2 g6 18. h3 Rdc8 19. Rec1 Qf8 20. Rb1 Na7 21.
Be5 Bxe5 22. Nxe5 Rxc2 23. Qxc2 Rc8 24. Qb2 Qd6 25. Nf3 Nc6 26. Rc1 Ne7 27. Nd4
Nc6 28. Nf3 Ne7 29. Rxc8+ Nxc8 30. Qf6 Nb6 31. Nd4 Nc4 32. h4 Bc8 33. Qxd6 Nxd6
34. a4 h6 35. Kf1 Kf8 36. Ke2 Ke7 37. Kd2 Bd7 38. a5 g5 39. hxg5 hxg5 40. Kc3
f6 41. Nb3 Nf7 42. f4 Nd8 43. Nc5 Bc6 44. Kd4 Kd6 45. g3 Be8 46. Kc3 Bc6 47.
Nb3 Bd7 48. Nd4 Bg4 49. b5 axb5 50. Kb4 gxf4 51. gxf4 Bd7 52. Nxb5+ Kc6 53. Bc2
Ne6 54. Nd4+ Nxd4 55. exd4 Kd6 56. Bd3 Be8 57. Bf5 1/2-1/2

[Event "VIII Open A"]
[Site "Genova ITA"]
[Date "2004.08.13"]
[Round "5"]
[White "Ranola, Yves"]
[Black "Schinkowski, Christoph"]
[Result "1-0"]
[WhiteElo "2410"]
[BlackElo "2183"]
[PlyCount "46"]
[EventDate "2004.08.09"]

1. Nf3 Nf6 2. g3 d5 3. Bg2 c6 4. c4 dxc4 5. b3 g6 6. bxc4 Bg7 7. Bb2 Qb6 8. Qc1
Ne4 9. Bxg7 Qxf2+ 10. Kd1 Rg8 11. Nh4 Bg4 12. Bxe4 Qxe2+ 13. Kc2 Qxe4+ 14. d3
Qe2+ 15. Nd2 Na6 16. Bc3 g5 17. Re1 Qxh2 18. Qa3 O-O-O 19. Rxe7 gxh4 20. Rxb7
Rd7 21. Qxa6 Rxb7 22. Rb1 Kd8 23. Rxb7 Bc8 1-0

[Event "VIII Open A"]
[Site "Genova ITA"]
[Date "2004.08.13"]
[Round "5"]
[White "Salvador, Roland"]
[Black "Wisnewski, Christoph"]
[Result "1-0"]
[WhiteElo "2178"]
[BlackElo "2410"]
[PlyCount "109"]
[EventDate "2004.08.09"]

1. d4 d5 2. Nf3 Nc6 3. Bf4 Bg4 4. e3 e6 5. Be2 Bd6 6. Nbd2 Nge7 7. h3 Bh5 8.
O-O O-O 9. a3 h6 10. b4 a6 11. Nb3 b6 12. Rc1 Ra7 13. Re1 a5 14. b5 a4 15. Nbd2
Na5 16. Bxd6 Qxd6 17. c4 Nxc4 18. Nxc4 dxc4 19. Ne5 Bxe2 20. Qxe2 f6 21. Nxc4
Qd7 22. Qb2 Rd8 23. Rc2 Qe8 24. e4 Nc8 25. Rec1 Rd7 26. Nd2 Qd8 27. Qa2 Rxd4
28. Qxe6+ Kh8 29. Nc4 c5 30. bxc6 Re7 31. Qf5 Rd1+ 32. Kh2 Rxc1 33. Rxc1 Qc7+
34. e5 fxe5 35. Rd1 e4+ 36. g3 Rf7 37. Rd8+ Qxd8 38. Qxf7 Qf6 39. Qe8+ Kh7 40.
Kg1 b5 41. Ne3 Nd6 42. Qd7 Qa1+ 43. Kg2 Qxa3 44. c7 Qd3 45. Nf5 Qf3+ 46. Kg1
Nxf5 47. c8=Q Nxg3 48. fxg3 Qxg3+ 49. Kf1 Qf3+ 50. Ke1 Qe3+ 51. Kd1 Qf3+ 52.
Kc2 Qb3+ 53. Kd2 e3+ 54. Ke2 Qb2+ 55. Kxe3 1-0

[Event "VIII Open A"]
[Site "Genova ITA"]
[Date "2004.08.14"]
[Round "6"]
[White "Brancaleoni, Maurizio"]
[Black "Mola, Pietro"]
[Result "1/2-1/2"]
[WhiteElo "2298"]
[BlackElo "2306"]
[PlyCount "129"]
[EventDate "2004.08.09"]

1. Nf3 Nf6 2. c4 b6 3. g3 Bb7 4. d4 e6 5. Bg2 c5 6. d5 exd5 7. Nh4 g6 8. Nc3
Bg7 9. O-O O-O 10. Nxd5 Bxd5 11. Bxd5 Nxd5 12. Qxd5 Nc6 13. Bg5 Qe8 14. Qd2 Nd4
15. Rfe1 Qe6 16. Rac1 Rfe8 17. Be3 d5 18. Bxd4 cxd4 19. c5 bxc5 20. Rxc5 Rac8
21. b4 Qe4 22. Nf3 Bf8 23. Rxc8 Rxc8 24. Nxd4 Rc4 25. Rd1 Bxb4 26. Qd3 Bc5 27.
Nb3 Bb6 28. e3 Rc2 29. Qxe4 dxe4 30. Rd2 Rxd2 31. Nxd2 f5 32. h3 Kf7 33. g4 Ke6
34. gxf5+ gxf5 35. Kf1 Kd5 36. Ke2 Ba5 37. Kd1 Bc3 38. Nf1 Be5 39. Ng3 Ke6 40.
Ke2 Bf6 41. f3 Bh4 42. Nf1 Kd5 43. fxe4+ fxe4 44. Kd2 Kc4 45. Kc2 Be1 46. Nd2+
Kd5 47. Nf1 Bf2 48. Kb3 Be1 49. Kc2 Ba5 50. Kd1 Bb6 51. Kd2 Ke5 52. Ke2 Bc7 53.
Ke1 Kf5 54. Kf2 Bd8 55. Ng3+ Ke5 56. Ke2 Bh4 57. Nf1 Kf5 58. Nd2 Be7 59. Kf2
Bb4 60. Nf1 Ke5 61. Ke2 Kd5 62. Kd1 Kd6 63. Ke2 Kc5 64. Kd1 Kc6 65. Kc2 1/2-1/2

[Event "VIII Open A"]
[Site "Genova ITA"]
[Date "2004.08.14"]
[Round "6"]
[White "Dervishi, Erald"]
[Black "Djuric, Stefan"]
[Result "1-0"]
[WhiteElo "2486"]
[BlackElo "2511"]
[PlyCount "127"]
[EventDate "2004.08.09"]

1. e4 e5 2. Nf3 Nc6 3. Bb5 Nf6 4. O-O Be7 5. Re1 d6 6. c3 O-O 7. h3 Bd7 8. d4
Nxd4 9. Nxd4 exd4 10. Bxd7 Qxd7 11. Qxd4 Rfe8 12. c4 a6 13. Nc3 b5 14. Qd3 c6
15. Bf4 Qe6 16. b3 Nd7 17. cxb5 axb5 18. Qc2 Nc5 19. b4 Na6 20. a3 Qc4 21. Rac1
Nc7 22. Qd2 Qe6 23. Ne2 Qd7 24. Red1 Rxa3 25. Bxd6 Bxd6 26. Qxd6 Qxd6 27. Rxd6
Rxe4 28. Nc3 Re8 29. Rxc6 Ra7 30. Rb6 g6 31. Nxb5 Nxb5 32. Rxb5 Re2 33. Ra5 Rd7
34. Rg5 Rb2 35. Rg4 Kg7 36. Rf4 g5 37. Rf5 Kg6 38. g4 h6 39. b5 Kg7 40. Rc6 Rb7
41. Rcc5 Rd7 42. Kg2 Rb7 43. Kf3 Rb3+ 44. Kg2 Rb4 45. Kg3 Rb1 46. Kf3 Re7 47.
Rfe5 Rd7 48. Rcd5 Ra7 49. Ke3 Ra4 50. Rf5 Rab4 51. Kf3 Rh1 52. Rd7 Rxh3+ 53.
Kg2 Rh4 54. Rdxf7+ Kg8 55. Rf8+ Kg7 56. R5f7+ Kg6 57. Rf6+ Kg7 58. R8f7+ Kg8
59. Rb7 Rhxg4+ 60. Kf1 Rb1+ 61. Ke2 Rb2+ 62. Kd3 h5 63. Rg6+ Kf8 64. Rc6 1-0

[Event "VIII Open A"]
[Site "Genova ITA"]
[Date "2004.08.14"]
[Round "6"]
[White "Genocchio, Daniele"]
[Black "Lazic, Miroljub"]
[Result "1/2-1/2"]
[WhiteElo "2353"]
[BlackElo "2471"]
[PlyCount "86"]
[EventDate "2004.08.09"]

1. d4 d5 2. Nf3 c6 3. e3 Nf6 4. Bd3 Bg4 5. Nbd2 Nbd7 6. c4 e5 7. cxd5 Nxd5 8.
h3 Bxf3 9. Nxf3 Bb4+ 10. Bd2 Qe7 11. Bc4 exd4 12. Nxd4 N7b6 13. Be2 Rd8 14. O-O
O-O 15. Bxb4 Nxb4 16. Qb3 g6 17. Rfd1 N4d5 18. Rac1 Nf6 19. a4 Nbd5 20. a5 a6
21. Qa3 Rd6 22. Bf3 Rfd8 23. Qb3 R6d7 24. Ne2 Qb4 25. Qxb4 Nxb4 26. Nc3 Nd3 27.
Rb1 Ne5 28. Be2 Rxd1+ 29. Rxd1 Rxd1+ 30. Bxd1 c5 31. Na4 Nfd7 32. b3 Nc6 33.
Nb6 Nxb6 34. axb6 Ne5 35. Kf1 Kf8 36. f4 Nd7 37. Bf3 Nxb6 38. Bxb7 a5 39. Ke2
c4 40. bxc4 Nxc4 41. Kd3 Nd6 42. Bc6 f5 43. Kc3 Ke7 1/2-1/2

[Event "VIII Open A"]
[Site "Genova ITA"]
[Date "2004.08.14"]
[Round "6"]
[White "Gromovs, Sergejs"]
[Black "Moncelli, Giorgio"]
[Result "1-0"]
[WhiteElo "2341"]
[BlackElo "2141"]
[PlyCount "49"]
[EventDate "2004.08.09"]

1. d4 d5 2. Nf3 Nf6 3. c4 e6 4. Nc3 Be7 5. Bf4 O-O 6. e3 c5 7. dxc5 Bxc5 8. Qc2
Nc6 9. a3 Qa5 10. Rd1 Be7 11. Be2 dxc4 12. Bxc4 e5 13. Bg3 e4 14. Nd2 Bg4 15.
Rc1 Rfe8 16. O-O Rad8 17. h3 Bh5 18. Bb5 Rd7 19. Nc4 Qd8 20. Qa4 Nd5 21. Ne5
Nb6 22. Qb3 Rd6 23. Nxe4 Re6 24. Bxc6 bxc6 25. Nxc6 1-0

[Event "VIII Open A"]
[Site "Genova ITA"]
[Date "2004.08.14"]
[Round "6"]
[White "Guido, Flavio"]
[Black "Ranola, Yves"]
[Result "1/2-1/2"]
[WhiteElo "2338"]
[BlackElo "2410"]
[PlyCount "85"]
[EventDate "2004.08.09"]

1. e4 g6 2. d4 Bg7 3. Nc3 c6 4. Nf3 d6 5. Be3 Nf6 6. Qd2 b5 7. Bd3 Nbd7 8. h3
Bb7 9. O-O e5 10. dxe5 dxe5 11. a4 a6 12. Ne2 O-O 13. Ng3 Re8 14. c4 bxa4 15.
c5 Nf8 16. Rxa4 Ne6 17. Rfa1 Qe7 18. Qc3 Nc7 19. Rd1 Nb5 20. Qc2 Nd7 21. Bc4
Nd4 22. Nxd4 exd4 23. Bxd4 Bxd4 24. Rxd4 Nxc5 25. Ra1 a5 26. Rad1 Bc8 27. Rd6
Nxe4 28. Nxe4 Qxe4 29. Qxe4 Rxe4 30. Rxc6 Be6 31. Bxe6 Rxe6 32. Rxe6 fxe6 33.
Rd6 Rb8 34. Rxe6 Rxb2 35. Ra6 Ra2 36. Ra7 h5 37. h4 Ra4 38. g3 Ra2 39. Kg2 Ra3
40. f3 Ra2+ 41. Kh3 Ra3 42. Kg2 Ra2+ 43. Kh3 1/2-1/2

[Event "VIII Open A"]
[Site "Genova ITA"]
[Date "2004.08.14"]
[Round "6"]
[White "Ljubisavljevic, Zivojin Z."]
[Black "Griffa, Roberto"]
[Result "0-1"]
[WhiteElo "2280"]
[BlackElo "2107"]
[PlyCount "78"]
[EventDate "2004.08.09"]

1. d4 d5 2. c3 Nf6 3. Bg5 c5 4. Bxf6 gxf6 5. dxc5 e6 6. b4 a5 7. Nd2 b6 8. e4
axb4 9. cxb4 bxc5 10. exd5 Qxd5 11. b5 Rxa2 12. Ngf3 Rxa1 13. Qxa1 Bg7 14. Bc4
Qb7 15. O-O O-O 16. Re1 Nd7 17. Qa3 Qc7 18. Ne4 Bb7 19. Ng3 Qf4 20. Be2 Ra8 21.
Qb3 Bd5 22. Qb1 Qb4 23. Qc1 f5 24. Rd1 Ra1 25. Qd2 Qxd2 26. Nxd2 Ra2 27. Bc4
Bxc4 28. Nxc4 Bd4 29. Rd2 Ra1+ 30. Nf1 Rb1 31. Nd6 Nb6 32. g3 Kf8 33. Ra2 Ke7
34. Ra6 c4 35. Rxb6 Bxb6 36. Nc8+ Kd8 37. Nxb6 c3 38. Nc4 c2 39. Na3 Rxf1+ 0-1

[Event "VIII Open A"]
[Site "Genova ITA"]
[Date "2004.08.14"]
[Round "6"]
[White "Mateo, Ramon"]
[Black "Lanzani, Mario"]
[Result "1/2-1/2"]
[WhiteElo "2425"]
[BlackElo "2365"]
[PlyCount "145"]
[EventDate "2004.08.09"]

1. d4 d5 2. c4 e6 3. Nc3 Be7 4. Nf3 Nf6 5. Bg5 h6 6. Bxf6 Bxf6 7. Qd2 O-O 8. e3
dxc4 9. Bxc4 c5 10. O-O cxd4 11. exd4 Nc6 12. Rfd1 b6 13. Qf4 Na5 14. Bd3 Bb7
15. Ne5 Bxe5 16. dxe5 Qg5 17. Qxg5 hxg5 18. b4 Nc6 19. Be4 Rad8 20. f3 Ba8 21.
Rxd8 Rxd8 22. Rd1 Rc8 23. Bxc6 Bxc6 24. Rd3 Kf8 25. Kf2 Ke7 26. Ne2 Bb5 27. Rc3
Rxc3 28. Nxc3 Bc6 29. Ke3 f5 30. g3 Kf7 31. b5 Bb7 32. a3 Ba8 33. h3 Ke7 34.
Ne2 Bd5 35. Nd4 g6 36. h4 Kf7 37. hxg5 Ke7 38. Kd3 Kd7 39. Kc3 Bb7 40. Kb4 Bd5
41. a4 Bb7 42. a5 Bd5 43. a6 Ke7 44. Kc3 Kd7 45. Kd3 Ke8 46. Ke3 Bc4 47. Kf4
Kd7 48. g4 fxg4 49. Kxg4 Bd3 50. Kf4 Bf1 51. Ke3 Bc4 52. Kd2 Bd5 53. Kc3 Ba8
54. Kd3 Bd5 55. Ke3 Bc4 56. Kd2 Bd5 57. Kd3 Ba8 58. Ke3 Bd5 59. Ne2 Bc4 60. Nf4
Bxb5 61. Nxg6 Bxa6 62. Nf4 Bc4 63. Kd4 b5 64. Nh5 a5 65. Kc5 a4 66. Kb4 Ke7 67.
Nf6 Kf7 68. f4 Kg6 69. Ka3 Bd3 70. Ne8 Kf5 71. Ng7+ Kxf4 72. Nxe6+ Kxe5 73. Nc7
1/2-1/2

[Event "VIII Open A"]
[Site "Genova ITA"]
[Date "2004.08.14"]
[Round "6"]
[White "Nolte, Rolando"]
[Black "Salvador, Roland"]
[Result "1/2-1/2"]
[WhiteElo "2389"]
[BlackElo "2178"]
[PlyCount "108"]
[EventDate "2004.08.09"]

1. e4 c5 2. Nf3 Nc6 3. d4 cxd4 4. Nxd4 e5 5. Nb5 d6 6. N1c3 a6 7. Na3 b5 8. Nd5
Nce7 9. c4 Nxd5 10. exd5 bxc4 11. Nxc4 Be7 12. Bd2 Rb8 13. Rc1 Rb5 14. Qa4 Bd7
15. Qxa6 Qb8 16. b3 Rb7 17. Be3 Nf6 18. Na5 Rc7 19. Rxc7 Qxc7 20. Bc4 O-O 21.
O-O Rb8 22. Nc6 Bxc6 23. Qxc6 Qa5 24. a4 Ne4 25. Qd7 Bf8 26. Qa7 Qb4 27. Qc7
Rb7 28. Qc6 Rb8 29. Qc7 Rb7 30. Qc8 Rb8 31. Qf5 Nd2 32. Bxd2 Qxd2 33. Qf3 Be7
34. Rd1 Qb4 35. Qe3 g6 36. Qd2 Qa3 37. a5 Bd8 38. a6 Bb6 39. g3 Re8 40. Kg2 e4
41. Qf4 Re5 42. Rf1 Qa2 43. Qg4 Qb2 44. Qe2 Qc3 45. Qd1 h5 46. Be2 Qb2 47. Bc4
Rf5 48. Qe2 Qd4 49. f3 exf3+ 50. Rxf3 Re5 51. Qf2 Re3 52. Rxe3 Qxe3 53. Qxe3
Bxe3 54. Kf3 Bc5 1/2-1/2

[Event "VIII Open A"]
[Site "Genova ITA"]
[Date "2004.08.14"]
[Round "6"]
[White "Paragua, Mark"]
[Black "Maiorov, Nikita"]
[Result "1/2-1/2"]
[WhiteElo "2529"]
[BlackElo "2414"]
[PlyCount "92"]
[EventDate "2004.08.09"]

1. e4 e5 2. Nf3 Nc6 3. d4 exd4 4. Nxd4 Bc5 5. Nxc6 Qf6 6. Qd2 bxc6 7. Nc3 Ne7
8. Na4 Bb6 9. Bd3 d6 10. O-O O-O 11. Kh1 Qh4 12. b3 f5 13. exf5 Bxf5 14. Nxb6
axb6 15. Bb2 Bxd3 16. Qxd3 Ra5 17. Rae1 Rd5 18. Qc4 Rf4 19. Qe2 Rf7 20. c4 Rdf5
21. Kg1 Rh5 22. h3 Rhf5 23. Qc2 Qg5 24. Re4 Ng6 25. g3 Qd8 26. Qe2 Rf8 27. h4
h5 28. f4 Qd7 29. Re1 Kh7 30. Re8 R8f7 31. Re4 c5 32. Qd3 d5 33. cxd5 Rxd5 34.
Qf3 Rff5 35. R4e3 Qf7 36. Re4 Rd2 37. R1e2 Rd7 38. Kf2 Rfd5 39. Re6 Rf5 40. Kg2
Nxf4+ 41. gxf4 Rxf4 42. Qe3 Rg4+ 43. Kh2 Rxh4+ 44. Kg2 Rg4+ 45. Kh2 Rh4+ 46.
Kg2 Rg4+ 1/2-1/2